Sir Banister Fletcher's global history of architecture / (Record no. 28615)

MARC details
000 -LEADER
fixed length control field 01506cam a22003855i 4500
001 - CONTROL NUMBER
control field 14880166
003 - CONTROL NUMBER IDENTIFIER
control field EG-ScBUE
005 - DATE AND TIME OF LATEST TRANSACTION
control field 20200826155010.0
008 - FIXED-LENGTH DATA ELEMENTS--GENERAL INFORMATION
fixed length control field 180402s2020 enkab f b 001 0 eng d
020 ## - INTERNATIONAL STANDARD BOOK NUMBER
International Standard Book Number 9781472589989 (set)
020 ## - INTERNATIONAL STANDARD BOOK NUMBER
International Standard Book Number 147258998X
020 ## - INTERNATIONAL STANDARD BOOK NUMBER
International Standard Book Number 9781472527882 (volume 1)
020 ## - INTERNATIONAL STANDARD BOOK NUMBER
International Standard Book Number 9781472589972 (volume 2)
035 ## - SYSTEM CONTROL NUMBER
System control number (DLC) 2018015886
035 ## - SYSTEM CONTROL NUMBER
System control number 14880166
040 ## - CATALOGING SOURCE
Original cataloging agency DLC
Language of cataloging eng
Description conventions rda
Transcribing agency DLC
Modifying agency OCLCO
-- OCLCF
-- YDX
-- EG-ScBUE
082 04 - DEWEY DECIMAL CLASSIFICATION NUMBER
Classification number 720.9
Item number FLE
Edition number 22
100 1# - MAIN ENTRY--PERSONAL NAME
Personal name Fletcher, Banister,
Titles and other words associated with a name Sir,
Dates associated with a name 1866-1953,
Relator term author.
240 10 - UNIFORM TITLE
Uniform title <a href="History of architecture">History of architecture</a>
245 10 - TITLE STATEMENT
Title Sir Banister Fletcher's global history of architecture /
Statement of responsibility, etc general editor: Murray Fraser ; managing editor Catherine Gregg.
250 ## - EDITION STATEMENT
Edition statement Twenty-first edition.
264 #1 - PUBLICATION, DISTRIBUTION, ETC. (IMPRINT)
Place of publication, distribution, etc London ;
-- New York :
Name of publisher, distributor, etc Bloomsbury Visual Arts :
-- University of London :
-- RIBA,
Date of publication, distribution, etc 2020.
300 ## - PHYSICAL DESCRIPTION
Extent 2 volumes ;
Dimensions 26 cm
336 ## - CONTENT TYPE
Content type term text
Content type code txt
Source rdacontent
337 ## - MEDIA TYPE
Media type term unmediated
Media type code n
Source rdamedia
338 ## - CARRIER TYPE
Carrier type term volume
Carrier type code nc
Source rdacarrier
504 ## - BIBLIOGRAPHY, ETC. NOTE
Bibliography, etc Includes bibliographical references and index.
505 0# - FORMATTED CONTENTS NOTE
Formatted contents note C. 3500 BCE to c. 500 BCE -- c. 500 BCE to c. 500 CE -- c. 500 CE to c. 1000 CE -- c. 1000 CE to c. 1500 CE -- c. 1500 CE to c. 1800 CE -- c. 1800 CE to c. 1900 CE -- c. 1900 to present day.
650 #7 - SUBJECT ADDED ENTRY--TOPICAL TERM
Topical term or geographic name as entry element Architecture
General subdivision History.
Source of heading or term BUEsh
653 ## - INDEX TERM--UNCONTROLLED
Resource For college Engineering, Architecture
Arrived date list August2020
655 ## - INDEX TERM--GENRE/FORM
Form subdivision Reading book
9 (RLIN) 34232
700 1# - ADDED ENTRY--PERSONAL NAME
Personal name Fraser, Murray,
Relator term editor.
700 1# - ADDED ENTRY--PERSONAL NAME
Personal name Gregg, Catherine,
Relator term editor.
942 ## - ADDED ENTRY ELEMENTS (KOHA)
Source of classification or shelving scheme Dewey Decimal Classification
Koha item type Book - Borrowing
Holdings
Withdrawn status Lost status Source of classification or shelving scheme Damaged status Not for loan Collection code Home library Current library Shelving location Date acquired Source of acquisition Cost, normal purchase price Total Checkouts Full call number Barcode Date last seen Cost, replacement price Price effective from Koha item type Public note
    Dewey Decimal Classification     Baccah Central Library Central Library Second Floor 26/08/2020 Purchase 4600.00   720.9 FLE 000049510 15/07/2025 5750.00 26/08/2020 NB - Book (Non borrowing) Volume 1
    Dewey Decimal Classification     Baccah Central Library Central Library Second Floor 26/08/2020 Purchase 4600.00   720.9 FLE 000049511 15/07/2025 5750.00 26/08/2020 NB - Book (Non borrowing) Volume 2